|
|
|
|
| LEADER |
00000nam0a2200000 4500 |
| 001 |
225595 |
| 005 |
20231101230656.0 |
| 010 |
|
|
|a 9628144052
|
| 035 |
|
|
|a (RuTPU)RU\TPU\book\245948
|
| 090 |
|
|
|a 225595
|
| 100 |
|
|
|a 20121113d1998 km y0engy50 ba
|
| 101 |
0 |
|
|a eng
|
| 102 |
|
|
|a IS
|
| 105 |
|
|
|a a z 000zy
|
| 200 |
1 |
|
|a Central Europe. Slovenia
|f editor by B. Hroausson
|
| 210 |
|
|
|a Reykjavik
|c Nordic Book
|d 1998
|
| 215 |
|
|
|a 264 p.
|c il.
|
| 225 |
1 |
|
|a Hermes Softlab
|
| 606 |
1 |
|
|a Словения
|x География
|2 stltpush
|3 (RuTPU)RU\TPU\subj\71952
|9 85610
|
| 610 |
1 |
|
|a Центральная Европа
|
| 610 |
1 |
|
|a экономическая география
|
| 610 |
1 |
|
|a путеводители
|
| 610 |
1 |
|
|a достопримечательности
|
| 610 |
1 |
|
|a памятные места
|
| 610 |
1 |
|
|a промышленность
|
| 610 |
1 |
|
|a исторические памятники
|
| 610 |
1 |
|
|a памятники культуры
|
| 610 |
1 |
|
|a английский язык
|
| 675 |
|
|
|a 91(475)
|v 3
|
| 702 |
|
1 |
|a Hroausson
|b B.
|g Bjorn
|4 340
|
| 801 |
|
1 |
|a RU
|b 63413507
|c 20121113
|
| 801 |
|
2 |
|a RU
|b 63413507
|c 20121207
|g RCR
|
| 942 |
|
|
|c BK
|